UITU Library & LRC     

60 Minute Brand Strategist (Record no. 15051)

MARC details
000 -LEADER
fixed length control field 00455nam a2200181Ia 4500
008 - FIXED-LENGTH DATA ELEMENTS--GENERAL INFORMATION
fixed length control field 240925s9999 xx 000 0 und d
020 ## - INTERNATIONAL STANDARD BOOK NUMBER
International Standard Book Number 9781118625163
082 ## - DEWEY DECIMAL CLASSIFICATION NUMBER
Classification number 658.827 MOO
100 ## - MAIN ENTRY--PERSONAL NAME
Personal name Mootee, Idris
245 #0 - TITLE STATEMENT
Title 60 Minute Brand Strategist
250 ## - EDITION STATEMENT
Edition statement NA
260 ## - PUBLICATION, DISTRIBUTION, ETC.
Place of publication, distribution, etc. New Delhi:
Name of publisher, distributor, etc. John Wiley and Sons
Date of publication, distribution, etc. ,2013.
300 ## - PHYSICAL DESCRIPTION
Extent 425p.
Other physical details NA
Type of unit Original
500 ## - GENERAL NOTE
General note Includes Index
600 ## - SUBJECT ADDED ENTRY--PERSONAL NAME
Personal name Management
650 ## - SUBJECT ADDED ENTRY--TOPICAL TERM
Topical term or geographic name entry element Management
942 ## - ADDED ENTRY ELEMENTS (KOHA)
Koha item type Books
Holdings
Withdrawn status Lost status Damaged status Not for loan Collection Home library Current library Date acquired Source of acquisition Cost, normal purchase price Total checkouts Full call number Barcode Date last seen Price effective from Koha item type
        Managament Sciences UITU Library UITU Library 12/18/2018 Book Station 340.00   658.827 MOO Q12552 09/25/2024 09/25/2024 Books

Powered by Koha